[Event "Vienna Kavalier op 7th"]
[Site "Vienna"]
[Date "2012.10.31"]
[Round "6"]
[White "Mayrhuber, Nikola"]
[Black "Czvitkovics, Helmut"]
[Result "1/2-1/2"]
[WhiteElo "1668"]
[BlackElo "1720"]
[PlyCount "75"]
[EventDate "2012.10.25"]
[EventType "swiss"]
[EventRounds "7"]
[EventCountry "AUT"]
[SourceTitle "EXT 2013"]
[Source "ChessBase"]
[SourceDate "2012.11.22"]
[SourceVersion "1"]
[SourceVersionDate "2012.11.22"]
[SourceQuality "1"]

1. d4 Nf6 2. c4 g6 3. Nf3 Bg7 4. Nc3 d5 5. cxd5 Nxd5 6. e4 Nxc3 7. bxc3 c5 8. Be3 Nc6 9. Rc1 cxd4 10. cxd4 Qa5+ 11. Qd2 Qxd2+ 12. Kxd2 0-0 13. d5 Ne5 14. Nxe5 Bxe5 15. f4 Bd6 16. g3 e5 17. Bg2 b6 18. fxe5 Bxe5 19. Bf4 f6 20. Bxe5 fxe5 21. Ke3 Ba6 22. Rc7 Rf7 23. Rhc1 Raf8 24. R1c6 Rf2 25. Rc2 Rxc2 26. Rxc2 Rc8 27. Rxc8+ Bxc8 28. Kd3 Kf7 29. Kc4 Ba6+ 30. Kb4 Ke7 31. a4 Kd6 32. Bf3 Bd3 33. Kc3 Ba6 34. Kb4 Bf1 35. Bd1 a5+ 36. Kc3 Ba6 37. Bc2 Kc5 38. Bd1 1/2-1/2

[Event "Graz op-B 19th"]
[Site "Graz"]
[Date "2012.08.26"]
[Round "2"]
[White "Missethan, Michael"]
[Black "Czvitkovics, Helmut"]
[Result "1-0"]
[WhiteElo "1915"]
[BlackElo "1719"]
[PlyCount "99"]
[EventDate "2012.08.25"]
[EventType "swiss"]
[EventRounds "9"]
[EventCountry "AUT"]
[SourceTitle "CBM 150 Extra"]
[Source "ChessBase"]
[SourceDate "2012.10.19"]
[SourceVersion "1"]
[SourceVersionDate "2012.10.19"]
[SourceQuality "1"]

1. e4 c5 2. Nf3 d6 3. Bb5+ Bd7 4. Bxd7+ Nxd7 5. 0-0 Ngf6 6. Qe2 e6 7. b3 Be7 8. Bb2 0-0 9. c4 e5 10. Nc3 h6 11. Nh4 Nxe4 12. Nxe4 Bxh4 13. Nxd6 Bf6 14. Rfe1 Qb6 15. Nf5 Rfe8 16. Qg4 Qe6 17. Nxh6+ Kf8 18. Qxe6 Rxe6 19. Ng4 Rae8 20. Re2 Bd8 21. Rae1 Bc7 22. Ne3 f6 23. Nd5 Bd8 24. Kf1 Kf7 25. f4 exf4 26. Rxe6 Rxe6 27. Rxe6 Kxe6 28. Nxf4+ Kf5 29. Nd5 Ke4 30. Ke2 Ne5 31. d3+ Kf5 32. d4 cxd4 33. Bxd4 Nc6 34. Ke3 a6 35. Bc3 Ke6 36. Ke4 f5+ 37. Kf3 g5 38. g4 Ne5+ 39. Bxe5 Kxe5 40. gxf5 Kxf5 41. h3 Ke5 42. Ke3 a5 43. a4 Kd6 44. Kd4 b6 45. Kd3 Kd7 46. Ke3 Kd6 47. Kd4 Kc6 48. Ke5 Kd7 49. Kf5 Ke8 50. Ke6 1-0

[Event "Vienna Husek op-B"]
[Site "Vienna"]
[Date "2012.08.16"]
[Round "4"]
[White "Czvitkovics, Helmut"]
[Black "Vasilescu, Viorica"]
[Result "1-0"]
[WhiteElo "1719"]
[BlackElo "1432"]
[PlyCount "61"]
[EventDate "2012.08.13"]
[EventType "swiss"]
[EventRounds "7"]
[EventCountry "AUT"]
[SourceTitle "EXT 2014"]
[Source "ChessBase"]
[SourceDate "2013.11.20"]
[SourceVersion "1"]
[SourceVersionDate "2013.11.20"]
[SourceQuality "1"]

1. e4 e6 2. d4 d5 3. e5 c5 4. Nf3 Bd7 5. Nc3 Nc6 6. Be3 cxd4 7. Bxd4 Nxd4 8. Nxd4 Ne7 9. Qd2 Nc6 10. f4 a6 11. 0-0-0 Nxd4 12. Qxd4 Be7 13. g4 Rc8 14. Qf2 Bc5 15. Qg3 Bc6 16. Bg2 Qb6 17. Rd3 Rd8 18. f5 d4 19. Bxc6+ Qxc6 20. Rhd1 Qb6 21. Na4 Qc7 22. Nxc5 Qxc5 23. Qf4 0-0 24. Rxd4 Rxd4 25. Qxd4 Qc6 26. Qd7 Qe4 27. fxe6 Qxe5 28. e7 Qg5+ 29. Kb1 g6 30. exf8Q+ Kxf8 31. Qd8+ 1-0

[Event "Vienna Husek op-B"]
[Site "Vienna"]
[Date "2012.08.15"]
[Round "3"]
[White "Klimes, Jan"]
[Black "Czvitkovics, Helmut"]
[Result "1-0"]
[WhiteElo "1564"]
[BlackElo "1719"]
[PlyCount "45"]
[EventDate "2012.08.13"]
[EventType "swiss"]
[EventRounds "7"]
[EventCountry "AUT"]
[SourceTitle "EXT 2014"]
[Source "ChessBase"]
[SourceDate "2013.11.20"]
[SourceVersion "1"]
[SourceVersionDate "2013.11.20"]
[SourceQuality "1"]

1. e4 c5 2. Nf3 d6 3. d4 cxd4 4. Nxd4 Nf6 5. Nc3 g6 6. Be3 Bg7 7. f3 Nc6 8. Qd2 0-0 9. 0-0-0 a6 10. Kb1 Bd7 11. g4 b5 12. h4 h5 13. Nd5 Nxd5 14. exd5 Ne5 15. gxh5 gxh5 16. Bh6 f6 17. Rg1 Rf7 18. Ne6 Qb6 19. Rg3 Kh7 20. Bd3+ Nxd3 21. Qxd3+ f5 22. Bxg7 Rg8 23. Nd4 1-0

[Event "Vienna Kavalier op 6th"]
[Site "Vienna"]
[Date "2011.10.26"]
[Round "3"]
[White "Czvitkovics, Helmut"]
[Black "Weinzettl, Ernst"]
[Result "1/2-1/2"]
[WhiteElo "1726"]
[BlackElo "2299"]
[PlyCount "95"]
[EventDate "2011.10.24"]
[EventType "swiss"]
[EventRounds "7"]
[EventCountry "AUT"]
[SourceTitle "EXT 2012"]
[Source "ChessBase"]
[SourceDate "2011.11.24"]
[SourceVersion "1"]
[SourceVersionDate "2011.11.24"]
[SourceQuality "1"]

1. e4 d6 2. d4 g6 3. Nc3 Bg7 4. Nf3 Nf6 5. Be2 0-0 6. 0-0 Bg4 7. h3 Bxf3 8. Bxf3 Nc6 9. Be3 a6 10. a3 Nd7 11. Ne2 e5 12. c3 Qe7 13. Qc2 a5 14. b3 a4 15. b4 Nb6 16. d5 Nb8 17. c4 f5 18. c5 N6d7 19. Rac1 Na6 20. c6 bxc6 21. dxc6 f4 22. Bd2 Nf6 23. Qc4+ Kh8 24. Nc3 Qd8 25. Nxa4 h5 26. Nc3 g5 27. Nd5 g4 28. hxg4 hxg4 29. Nxf6 gxf3 30. Ng4 Qh4 31. Nh2 fxg2 32. Kxg2 f3+ 33. Kh1 Rf6 34. Rg1 Bh6 35. Rg4 Qxf2 36. Rcg1 Qxg1+ 37. Kxg1 Bxd2 38. Kf2 Bf4 39. Qf1 Nxb4 40. Qh3+ Rh6 41. Rh4 Nd3+ 42. Kxf3 Rxh4 43. Qxh4+ Kg8 44. Qg4+ Kh8 45. Qh5+ Kg7 46. Qg4+ Kh8 47. Qh5+ Kg7 48. Qg4+ 1/2-1/2

[Event "Vienna Kavalier op 6th"]
[Site "Vienna"]
[Date "2011.10.24"]
[Round "1"]
[White "Czvitkovics, Helmut"]
[Black "Ernst, Michael"]
[Result "0-1"]
[WhiteElo "1726"]
[BlackElo "2177"]
[PlyCount "70"]
[EventDate "2011.10.24"]
[EventType "swiss"]
[EventRounds "7"]
[EventCountry "AUT"]
[SourceTitle "EXT 2012"]
[Source "ChessBase"]
[SourceDate "2011.11.24"]
[SourceVersion "1"]
[SourceVersionDate "2011.11.24"]
[SourceQuality "1"]

1. e4 e6 2. d4 d5 3. Nc3 Bb4 4. e5 c5 5. Bd2 Ne7 6. Nb5 Bxd2+ 7. Qxd2 0-0 8. f4 a6 9. Nd6 cxd4 10. Nf3 Nbc6 11. Nxd4 Nxd4 12. Qxd4 Nc6 13. Qc5 f6 14. 0-0-0 fxe5 15. fxe5 Nxe5 16. g3 Qe7 17. Ne4 Qxc5 18. Nxc5 Ng4 19. Nd3 Bd7 20. h3 Nf2 21. Nxf2 Rxf2 22. Rd2 Raf8 23. Rxf2 Rxf2 24. Rg1 Kf7 25. Kd1 e5 26. g4 Ke6 27. Be2 Rh2 28. Rg3 g5 29. Rf3 e4 30. Rf5 h6 31. Bf1 Rh1 32. Kd2 Kd6 33. Rf2 d4 34. Ke1 Bb5 35. b3 e3 0-1

[Event "Vienna Kavalier op 5th"]
[Site "Vienna"]
[Date "2010.10.31"]
[Round "3"]
[White "Kassel, Walter"]
[Black "Czvitkovics, Helmut"]
[Result "1-0"]
[WhiteElo "1926"]
[BlackElo "1750"]
[PlyCount "119"]
[EventDate "2010.10.28"]
[EventType "swiss"]
[EventRounds "7"]
[EventCountry "AUT"]
[SourceTitle "EXT 2011"]
[Source "ChessBase"]
[SourceDate "2010.11.26"]
[SourceVersion "1"]
[SourceVersionDate "2010.11.26"]
[SourceQuality "1"]

1. d4 Nf6 2. c4 g6 3. Nc3 d5 4. Nf3 Bg7 5. Bg5 dxc4 6. e3 c6 7. Bxc4 0-0 8. 0-0 Nbd7 9. Rc1 Nb6 10. Bb3 h6 11. Bh4 Bg4 12. h3 Bf5 13. g4 Bd7 14. Ne5 g5 15. Bg3 Qc8 16. Qd3 Be6 17. Bc2 Nbd5 18. a3 Nxc3 19. bxc3 Rd8 20. f4 Bd5 21. Qe2 Ne4 22. Be1 Bxe5 23. fxe5 b5 24. Bd3 Qe6 25. Qc2 Bb3 26. Qg2 Nd6 27. Bb1 Nc4 28. Qe4 Qg6 29. Qf3 Qg7 30. Be4 Nxa3 31. Bxc6 Rac8 32. Ra1 Nc2 33. Rxa7 Nxe1 34. Rxe1 Qf8 35. Be4 Be6 36. Bd3 Rxc3 37. Qe4 Qg7 38. Rxe7 Bd5 39. Qf5 Be6 40. Qe4 Bd5 41. Qf5 Be6 42. Rxe6 fxe6 43. Qxe6+ Kh8 44. Bxb5 Rf8 45. d5 Rf3 46. d6 Rcxe3 47. Rxe3 Rxe3 48. d7 Re1+ 49. Kg2 Rd1 50. Qe8+ Kh7 51. Qe6 Qf8 52. Qf5+ Qxf5 53. gxf5 Kg7 54. f6+ Kf7 55. Bc4+ Kg6 56. Be6 Rd4 57. Kf3 h5 58. Ke3 Rd1 59. Ke4 Rd2 60. Bd5 1-0